000 00884nam a2200181 4500
001 872
005 20230411090048.0
008 060907n2000 dr spa
035 _9funglode876
041 _aEN
245 0 _aBuilding a commom future :
_bUnited Nations work on financing for development /
_cSarah Clarke... [et al.]
250 _a2
260 _aNew York :
_bUnited Nations,
_c2000
300 _a57 p.
520 _aIntroduction, 1. -- Spending for development, 4. -- The UN financing dialogue, 11. -- Elements of the development financing debate : Scope, 20. -- The politics of financing for development, 31. -- The development financing challenge, 34. -- Getting involved, 37. -- Principal financing for development UN documents, 38. -- Principal development yearbooks released by the UN, 39. -- Contacts, 40
700 _aClarke, Sarah
942 _2lcc
_cbk
999 _c111818
_d111818